| 000 | 00899nam a2200349Ia 4500 | ||
|---|---|---|---|
| 001 | 3016 | ||
| 003 | 6111 | ||
| 005 | 20241130070626.0 | ||
| 008 | ||||||n9999 ||| || || | ||
| 041 | _aspa | ||
| 082 |
_219 _a330101 |
||
| 100 |
_aNavas Sierra, Alberto _95752 |
||
| 245 | 0 |
_aPolitica economica y sector externo _balgunos antecedentes para la historia economica nacional |
|
| 260 |
_aBogotá : _bBanco Popular, _c1980. |
||
| 300 | _a501p | ||
| 490 | _aBiblioteca Banco Popular. Textos universitarios | ||
| 562 | _e2 | ||
| 650 |
_aCOLOMBIA _95753 |
||
| 650 | 0 |
_aHistoria económica _92064 |
|
| 650 | 0 |
_aPolítica económica _9154 |
|
| 650 | 0 |
_aPolítica internacional _92881 |
|
| 942 | _cBKM | ||
| 942 | _cBKM | ||
| 999 |
_c3016 _d3016 |
||
| 526 | _a102619 | ||
| 526 | _a116204 | ||
| 526 | _a4969 | ||
| 526 | _a19790 | ||
| 526 | _a104436 | ||
| 526 | _a5144 | ||
| 526 | _a51868 | ||
| 526 | _a1697 | ||